01053cam a22003011a 4500001001300000003000400013005001700017008004100034010001700075035001900092040003200111042001200143043001200155050002400167070002200191072000900213082001800222100001900240245017700259260004400436300006700480440004900547504002500596500002000621650004700641650004600688999001700734gs 59000169 DLC20260227111408.0790920s1959 dcuabf b f001 0 eng  ags 59000169  a(OCoLC)5393094 aDLCcTxLTdDNALdOCoLCdDLC apremarc an-us-ca00aTC801b.U2 no. 14700 a407bG29W no.14700 aP200 a551.4909794121 aEvenson, R. E.10aGeology and ground-water features of the Eureka area, Humboldt County, California /cby R.E. Evenson ; prepared in cooperation with the California Dept. of Water Resources. aWashington, D.C. :bU.S. G.P.O.,c1959. aiv, 80 p., [2] folded leaves of plates :bill., maps ;c24 cm. 0aGeological Survey water-supply paper ;v1470 aBibliography: p. 77. aIncludes index. 0aWater-supplyzCaliforniazHumboldt County. 0aGroundwaterzCaliforniazHumboldt County. c29345d29345